Numerické modelovanie transportu látok v tokoch podzemnej vody

Guardado en:
Detalles Bibliográficos
Autor principal: Szabóová, Laura (Autor)
Otros Autores: Frolkovič, Peter (Orientador)
Formato: Manuscrito Libro
Lenguaje:eslovaco
Publicado: 2025
Materias:
Acceso en línea:http://is.stuba.sk/zp/portal_zp.pl?podrobnosti=181786
CRZP
Etiquetas: Agregar Etiqueta
Sin Etiquetas, Sea el primero en etiquetar este registro!

MARC

LEADER 00000ntm a22000003a 4500
001 stuzp106011
003 SK-STU
005 20250801110319.7
007 ta
008 150427s2015----xo-----f-mn---000-0-slo-d
040 |a STU  |b slo 
041 0 |a slo 
100 1 |a Szabóová, Laura  |u 010220  |4 aut  |U SvF Stavebná fakulta  |T SvF Katedra matematiky a deskriptívnej geometrie  |X 112916  |U V220  |Y 23  |7 112916 
242 0 1 |a Numerical modelling of solute transport in groundwater flows  |y eng 
245 1 0 |a Numerické modelovanie transportu látok v tokoch podzemnej vody 
260 |c 2025 
650 4 |a Freundlich isotherm  |2 eng 
650 4 |a compact implicit method  |2 eng 
650 4 |a CFL condition  |2 eng 
650 4 |a sorption isotherm  |2 eng 
650 4 |a Langmuir isotherm  |2 eng 
650 4 |a CFL podmienka  |2 slo 
650 4 |a sorpčná izoterma  |2 slo 
650 4 |a Langmuirova izoterma  |2 slo 
650 4 |a Freundlichova izoterma  |2 slo 
650 4 |a kompaktná implicitná metóda  |2 slo 
700 1 |a Frolkovič, Peter  |u 010220  |k Z1  |4 ths  |U SvF Stavebná fakulta  |T SvF Katedra matematiky a deskriptívnej geometrie  |X 3011  |U V220  |Y 23  |7 A000003011 
856 4 |u http://is.stuba.sk/zp/portal_zp.pl?podrobnosti=181786 
856 4 |u https://opac.crzp.sk/?fn=detailBiblioForm&sid=226A7A544DA3649F6C5933E9F6D0  |z CRZP